000 00559nam a2200169Ia 4500
008 090711s9999 xx 000 0 und d
082 _b49507
100 _aनेऊरगांवकर सदाशिव के.
245 _aपालखी सोहळा
260 _c1984
300 _a76
600 _aनेऊरगांवकर सदाशिव के.
630 _aपालखी सोहळा
700 _aनेऊरगांवकर सदाशिव के.
730 _aपालखी सोहळा
942 _cBOOK
999 _c281005
_d281005